| 000 | 00525nam a22001817a 4500 | ||
|---|---|---|---|
| 005 | 20251108175329.0 | ||
| 008 | 250721s1999 xx 000 0 ara d | ||
| 082 | 1 | 4 | _aط/ق/يوس |
| 100 | 1 | _aيوسف، عبد التواب | |
| 245 | 1 | 0 | _aإختبار صعب / |
| 264 | 1 |
_a[د.م] : _bمطبعة الشعب، _c1999. |
|
| 300 | _a12 ص.مص. | ||
| 650 | 1 | 7 | _aالقصص العربية |
| 650 | 1 | 7 | _aالأدب القصصي |
| 653 | _aأطفال مرحلة (6- 9 سنوات) | ||
| 942 |
_2ddc _cBK |
||
| 999 |
_c131615 _d131615 |
||